00698nam a22001697a 450000500170000000800410001702000150005805000220007310000310009524500950012625000190022126000320024030000190027250001750029165000270046670000350049320231102152002.0161006b2004 mx ||||| |||| 00| 0 spa d a9700753506 aKGF5819bG37 2004 aGarcía Ramírez, Sergio aProntuario del proceso penal mexicanoc / Sergio García Ramírez / Victoria Adato Green a11a. Edición aMéxicob : Porrúac2004 a1657 Páginas aOriente: Educación Mixta / Criminalística / Derecho Procesal Penal (B18-4) / (22 001257): Educación Mixta / Criminalística / Material Complementario / (22 001414) xCriminalísticaz2004 aAdato Green, Victoriaecoautor